Úprava vozidla Ford Sierra Cos-worth určené na pretekárske účely (Modifications of the vehicle Ford Sierra Cosworth for racing purpose) [CD-ROM] : Baklárska práca

Saved in:
Bibliographic Details
Main Author: Maliniak, Peter, 1986- (Author)
Other Authors: Neuschl, Tomáš, 1972- (xxx)
Format: Manuscript Book
Language:Slovak
Published: Bratislava : STU v Bratislave SjF, 2009
Edition:1. vyd.
Subjects:
Tags: Add Tag
No Tags, Be the first to tag this record!

MARC

LEADER 00000ntm a22000003a 4500
001 stu202868
005 20150617230055.8
008 100428s2009----xo------------------slo-d
040 |a STU  |b slo 
041 0 |a slo 
044 |a xo 
100 1 |a Maliniak, Peter,  |d 1986-  |4 aut  |u J0030  |9 100  |U SjF Strojnícka fakulta  |T SjF Ústav dopravnej techniky a konštruovania  |X 41130  |U J0030  |Y 806  |7 A000041130 
245 1 |a Úprava vozidla Ford Sierra Cos-worth určené na pretekárske účely (Modifications of the vehicle Ford Sierra Cosworth for racing purpose) [CD-ROM] :  |b Baklárska práca 
250 |a 1. vyd. 
260 |a Bratislava :  |b STU v Bratislave SjF,  |c 2009 
300 |a 33 s 
650 7 |a úprava motora  |2 stusub 
650 7 |a evaluations of the project  |2 estusub 
700 1 |a Neuschl, Tomáš,  |d 1972-  |4 xxx  |u J0030  |U SjF Strojnícka fakulta  |T SjF Ústav dopravnej techniky a konštruovania  |X 4266  |U J0030  |Y 806  |7 A000004266 
996 |b 284J035758  |c J*371/BP  |l JJSK  |s A  |a 24  |w stu202868_0001